[Event "Espalion Op"]
[Site "Espalion"]
[Date "2017.07.18"]
[Round "5.16"]
[White "Lagunes, Robin"]
[Black "Boulier, Rene"]
[Result "1-0"]
[WhiteElo "1893"]
[BlackElo "1608"]
[PlyCount "87"]
[EventDate "2017.??.??"]

1. e4 e6 2. d4 d5 3. Nc3 Nf6 4. Bg5 Be7 5. e5 Nfd7 6. h4 c5 7. Nb5 O-O 8. Bxe7
Qxe7 9. Nc7 cxd4 10. Qxd4 Nc6 11. Qd2 Rb8 12. Nb5 Ndxe5 13. Nd4 Nxd4 14. Qxd4
Nc6 15. Qd2 b6 16. Nf3 Bb7 17. Bd3 f5 18. O-O-O Nb4 19. Rde1 Nxd3+ 20. Qxd3 Qf6
21. Ne5 Rfd8 22. f4 Rbc8 23. Reg1 d4 24. Qa3 Be4 25. c3 dxc3 26. bxc3 Rc5 27.
Rh3 Rdc8 28. Re3 Qe7 29. h5 Qc7 (29... Rxc3+ $1 30. Qxc3 Qa3+ 31. Kd2 Rxc3 32.
Rxc3 Qb2+ 33. Kd1 Qxc3) 30. Kd2 Ra5 31. Qb2 Bd5 32. a3 Qd6 33. Qb4 Rac5 34. Qd4
b5 35. g4 fxg4 36. Rxg4 R8c7 37. Reg3 Qf8 38. h6 g6 39. Nxg6 hxg6 40. Rxg6+ Kh7
41. Rg7+ Rxg7 42. hxg7 Qg8 43. Qf6 Bf3 44. Qg6# 1-0

[Event "Espalion Op"]
[Site "Espalion"]
[Date "2017.07.18"]
[Round "5.17"]
[White "Le Borgne, Romain"]
[Black "Marie, Olivier"]
[Result "1/2-1/2"]
[WhiteElo "1853"]
[BlackElo "1572"]
[PlyCount "36"]
[EventDate "2017.??.??"]

1. f4 g6 2. Nf3 d5 3. e3 Na6 4. Nc3 Bg7 5. Be2 Nf6 6. b3 O-O 7. Bb2 c5 8. Na4
b6 9. Ne5 Qe8 10. g4 Nc7 11. g5 Ne4 12. Bg4 f6 13. gxf6 exf6 14. Bxc8 fxe5 15.
Bg4 exf4 16. Bf3 Bxb2 17. Nxb2 fxe3 18. d4 Nf2 1/2-1/2

[Event "Espalion Op"]
[Site "Espalion"]
[Date "2017.07.18"]
[Round "5.18"]
[White "Colandrea, Sauveur"]
[Black "Labarrere, Daniel"]
[Result "1/2-1/2"]
[WhiteElo "1752"]
[BlackElo "1816"]
[PlyCount "67"]
[EventDate "2017.??.??"]

1. d4 d5 2. c4 e6 3. Nf3 Nf6 4. Nc3 Bb4 5. Bg5 O-O 6. e3 h6 7. Bh4 g5 8. Bg3
Ne4 9. Qc2 c5 10. Bd3 Qa5 11. Bxe4 dxe4 12. Nd2 cxd4 13. exd4 f5 14. Bxb8 Rxb8
15. O-O Qd8 16. a3 Be7 17. Nb3 Bf6 18. Rad1 Bd7 19. Nc5 b6 20. Nxd7 Qxd7 21. d5
Rbc8 22. dxe6 Qxe6 23. Nd5 Qc6 24. Rd4 Qe6 25. Nxf6+ Qxf6 26. Rfd1 Rfd8 27.
Rxd8+ Rxd8 28. Rxd8+ Qxd8 29. Kf1 Kf7 30. Ke2 Qd4 31. b4 Ke6 32. c5 bxc5 33.
bxc5 Qd5 34. c6 1/2-1/2

[Event "Espalion Op"]
[Site "Espalion"]
[Date "2017.07.18"]
[Round "5.19"]
[White "Flaujac, Benoit"]
[Black "Martinez, Felicien"]
[Result "1-0"]
[WhiteElo "1809"]
[BlackElo "1199"]
[PlyCount "55"]
[EventDate "2017.??.??"]

1. e4 e5 2. Nf3 Nc6 3. d4 exd4 4. Bc4 Be7 5. c3 d6 6. cxd4 Bg4 7. Be3 Nf6 8.
Nc3 O-O 9. O-O h6 10. Rc1 Nh7 11. Nd5 Bg5 12. h3 Bh5 13. Be2 Bxe3 14. fxe3 Rc8
15. Nf4 Bxf3 16. Bxf3 Ng5 17. Bg4 Rb8 18. Qc2 Qe7 19. Bf5 Rfe8 20. Nd5 Qd8 21.
h4 Ne6 22. Qf2 Rf8 23. Qg3 Kh8 24. Qg4 Rc8 25. Nf4 Qe7 26. Bxe6 Rcd8 27. Bxf7
Qxe4 28. Ng6+ 1-0

[Event "Espalion Op"]
[Site "Espalion"]
[Date "2017.07.18"]
[Round "5.20"]
[White "Deceuninck, Andre"]
[Black "Cavailles, Evan"]
[Result "1/2-1/2"]
[WhiteElo "1578"]
[BlackElo "1806"]
[PlyCount "110"]
[EventDate "2017.??.??"]

1. Nf3 d5 2. c4 e6 3. g3 Nf6 4. Bg2 c6 5. b3 Be7 6. Bb2 Nbd7 7. O-O O-O 8. cxd5
exd5 9. d4 Re8 10. Nc3 Nf8 11. Qc2 Bb4 12. a3 Bd6 13. Rfe1 g6 14. Nd2 Ne6 15.
e3 Qc7 16. Ne2 Ng5 17. Nf4 Bf5 18. Qd1 h5 19. h4 Ne6 20. Rc1 Nxf4 21. exf4
Rxe1+ 22. Qxe1 Re8 23. Qf1 Qe7 24. b4 a5 25. bxa5 Bxa3 26. Bxa3 Qxa3 27. Ra1
Qc3 28. Nf3 Bd3 29. Qc1 Qxc1+ 30. Rxc1 Ra8 31. Ne5 Bb5 32. Ra1 Ne8 33. Nd7 Nd6
34. Nb6 Ra6 35. Bf1 Bxf1 36. Kxf1 Nf5 37. Ra4 Kf8 38. Ke2 Nd6 39. Kd3 Ke7 40.
f3 Kd8 41. g4 Nc8 42. Nxc8 Kxc8 43. f5 gxf5 44. gxh5 Kd7 45. Rb4 Kc7 46. Ke3 c5
47. dxc5 Rh6 48. Kd4 Rxh5 49. Kxd5 f4+ 50. Ke4 Rxh4 51. Rb6 Rh5 52. Rf6 Rxc5
53. Rxf7+ Kc6 54. Rf6+ Kc7 55. Rf7+ Kc6 1/2-1/2

[Event "Espalion Op"]
[Site "Espalion"]
[Date "2017.07.18"]
[Round "5.21"]
[White "Verat-Fayolle, Celian"]
[Black "Grichkevitch, Gilles"]
[Result "0-1"]
[WhiteElo "1678"]
[BlackElo "1990"]
[PlyCount "64"]
[EventDate "2017.??.??"]

1. e4 c5 2. Nf3 e6 3. c3 Nf6 4. e5 Nd5 5. d4 cxd4 6. cxd4 d6 7. Nc3 Nxc3 8.
bxc3 Bd7 9. Bd3 Bc6 10. O-O Nd7 11. Re1 dxe5 12. Nxe5 Nxe5 13. Rxe5 Bd6 14. Rh5
g6 15. Rh3 h5 16. c4 Qf6 17. Qe2 Bc5 18. Bb2 Bxd4 19. Bxd4 Qxd4 20. Re1 O-O-O
21. a4 Qg4 22. Qxg4 hxg4 23. Rxh8 Rxh8 24. Be4 Bxa4 25. Ra1 Rd8 26. g3 Rd1+ 27.
Rxd1 Bxd1 28. c5 a5 29. c6 b5 30. Kf1 a4 31. Ke1 a3 32. Bb1 Bb3 0-1

[Event "Espalion Op"]
[Site "Espalion"]
[Date "2017.07.18"]
[Round "5.22"]
[White "Dubois, Martine"]
[Black "Pla, Jean"]
[Result "1-0"]
[WhiteElo "1946"]
[BlackElo "1356"]
[PlyCount "49"]
[EventDate "2017.??.??"]

1. e4 d6 2. d4 Nd7 3. f4 e6 4. Bd3 c5 5. c3 g6 6. Nf3 Bg7 7. O-O Ne7 8. Be3 O-O
9. Nbd2 a6 10. a4 f5 11. Ng5 Nf6 12. dxc5 dxc5 13. Bc4 Qd6 14. e5 Qc6 15. exf6
Bxf6 16. Qf3 Qb6 17. b4 Bxc3 18. Bxc5 Bd4+ 19. Bxd4 Qxd4+ 20. Qf2 Qc3 21. Bxe6+
Kg7 22. Bxc8 Rfxc8 23. Rfb1 Nd5 24. Ne6+ Kh6 25. Qh4# 1-0

[Event "Espalion Op"]
[Site "Espalion"]
[Date "2017.07.18"]
[Round "5.23"]
[White "Muratet Casadevall, Elias"]
[Black "Pass, Deborah J"]
[Result "0-1"]
[WhiteElo "1805"]
[BlackElo "1920"]
[PlyCount "82"]
[EventDate "2017.??.??"]

1. d4 Nf6 2. h3 g6 3. Bf4 Bg7 4. e3 O-O 5. Nf3 c5 6. c3 cxd4 7. cxd4 d6 8. Be2
Nc6 9. Nc3 Bf5 10. O-O Re8 11. Rc1 a6 12. a3 e5 13. dxe5 dxe5 14. Bh2 Qe7 15.
Qb3 e4 16. Nd2 Rad8 17. Rfd1 Na5 18. Qb6 Nc6 19. Bxa6 Rd7 20. Bb5 Red8 21. Ncb1
Nd5 22. Qc5 Qg5 23. Bg3 Bf8 24. Qc4 Nxe3 25. fxe3 Qxg3 26. Qe2 Bxh3 27. Qf2 Qg5
28. Nc3 Bxg2 29. Qxg2 Qxe3+ 30. Qf2 Qg5+ 31. Kf1 Rxd2 32. Rxd2 Rxd2 33. Be2 e3
34. Ne4 exf2 35. Nxg5 Bh6 36. Rc5 Bxg5 37. Rxg5 Rxb2 38. Kxf2 Nd4 39. Re5 Rxe2+
40. Rxe2 Nxe2 41. Kxe2 h5 0-1

[Event "Espalion Op"]
[Site "Espalion"]
[Date "2017.07.18"]
[Round "5.24"]
[White "Duvette, Michel"]
[Black "Joliez, Didier"]
[Result "0-1"]
[WhiteElo "1412"]
[BlackElo "1901"]
[PlyCount "56"]
[EventDate "2017.??.??"]

1. d4 Nf6 2. Bf4 d5 3. e3 c6 4. c4 Bg4 5. Nf3 e6 6. a3 Nh5 7. h3 Nxf4 8. exf4
Bxf3 9. Qxf3 dxc4 10. Nc3 b5 11. Nxb5 cxb5 12. Qxa8 Qa5+ 13. Kd1 Bd6 14. Qf3
O-O 15. Rc1 Qa4+ 16. Rc2 Rc8 17. Kc1 Nc6 18. Qe4 Na5 19. Kd2 Rd8 20. Qe3 Bc5
21. Kc1 Bxd4 22. Qf3 c3 23. bxc3 Qxa3+ 24. Kb1 Nb3 25. Rb2 Bxc3 26. Qxc3 Rd1+
27. Kc2 Rc1+ 28. Kd3 Qd6+ 0-1

[Event "Espalion Op"]
[Site "Espalion"]
[Date "2017.07.18"]
[Round "5.25"]
[White "Herrero, Alain"]
[Black "Huin, Eric"]
[Result "1-0"]
[WhiteElo "1673"]
[BlackElo "1801"]
[PlyCount "109"]
[EventDate "2017.??.??"]

1. d4 Nf6 2. c4 g6 3. Nc3 d5 4. cxd5 Nxd5 5. e4 Nxc3 6. bxc3 Bg7 7. Nf3 c5 8.
Be3 Qa5 9. Qd2 O-O 10. Rc1 Rd8 11. d5 Bg4 12. c4 Qxd2+ 13. Nxd2 Na6 14. Be2
Bxe2 15. Kxe2 b6 16. Nf3 f6 17. h4 Kf7 18. Rhd1 e6 19. Kf1 e5 20. g4 Rd7 21.
Ne1 Rf8 22. Nd3 Kg8 23. a4 f5 24. gxf5 gxf5 25. exf5 Rxf5 26. Ke2 e4 27. Nf4
Bd4 28. Rg1+ Kh8 29. Rg4 Rg7 30. Rcg1 Rxg4 31. Rxg4 Nb4 32. Ne6 Nc2 33. Rxe4
Re5 34. Rxe5 Bxe5 35. Kd3 Nxe3 36. fxe3 Kg8 37. Ke4 Bd6 38. Kf5 Kf7 39. e4 a6
40. Nd8+ Ke8 41. Nc6 b5 42. e5 bxa4 43. exd6 a3 44. Na5 a2 45. Nb3 a5 46. Ke6
a4 47. Na1 Kd8 48. d7 h5 49. Kd6 a3 50. Kxc5 Kxd7 51. d6 Kd8 52. Kc6 Kc8 53.
d7+ Kd8 54. c5 Ke7 55. Kc7 1-0

[Event "Espalion Op"]
[Site "Espalion"]
[Date "2017.07.18"]
[Round "5.27"]
[White "Mourgues, Joelle"]
[Black "Saya, Yann"]
[Result "1-0"]
[WhiteElo "1624"]
[BlackElo "1199"]
[PlyCount "91"]
[EventDate "2017.??.??"]

1. Nf3 Nc6 2. d4 d5 3. Bf4 Nf6 4. e3 Bf5 5. Bb5 e6 6. O-O Bd6 7. Ne5 O-O 8.
Bxc6 bxc6 9. Nxc6 Qd7 10. Ne5 Bxe5 11. Bxe5 Qe7 12. Nd2 Rad8 13. c4 Bd3 14. Re1
dxc4 15. a3 Rb8 16. b4 h6 17. Qc1 Ne4 18. Nxe4 Bxe4 19. Qxc4 Bd5 20. Qxc7 Qxc7
21. Bxc7 Rbc8 22. Rac1 Rfe8 23. e4 Bb7 24. f3 a6 25. Rc5 Re7 26. Rec1 Rd7 27.
Be5 Rxc5 28. dxc5 f6 29. c6 Bxc6 30. Rxc6 Rd1+ 31. Kf2 Rd8 32. Bf4 e5 33. Be3
Rd1 34. Rxa6 Rb1 35. Ra7 Rh1 36. b5 Rxh2 37. b6 Rh1 38. b7 Rb1 39. Ra8+ Kf7 40.
b8=Q Rxb8 41. Rxb8 Kg6 42. Rb7 Kh7 43. Bc5 h5 44. Kg3 Kh6 45. Kh4 g6 46. Bf8#
1-0

[Event "Espalion Op"]
[Site "Espalion"]
[Date "2017.07.18"]
[Round "5.28"]
[White "Veschambre, Martin"]
[Black "Dewilde, Rudi"]
[Result "1-0"]
[WhiteElo "1539"]
[BlackElo "1257"]
[PlyCount "65"]
[EventDate "2017.??.??"]

1. d4 d5 2. Bf4 Nf6 3. e3 g6 4. Nc3 c6 5. Bd3 Bg7 6. h4 Nh5 7. Be5 Bxe5 8. dxe5
Be6 9. Be2 Ng7 10. h5 O-O 11. hxg6 fxg6 12. Bg4 Qd7 13. Bxe6+ Qxe6 14. f4 Nd7
15. Nh3 h6 16. Nf2 h5 17. g4 Kf7 18. gxh5 gxh5 19. e4 Nb6 20. Nh3 Ke8 21. Ng5
Qg4 22. Qxg4 hxg4 23. Rh7 Rxf4 24. Rxg7 Kd7 25. O-O-O Raf8 26. exd5 Rf1 27.
dxc6+ Kxc6 28. Rg6+ e6 29. Rxe6+ Kc5 30. Nge4+ Kb4 31. a3+ Ka5 32. b4+ Ka6 33.
Nc5# 1-0

[Event "Espalion Op"]
[Site "Espalion"]
[Date "2017.07.18"]
[Round "5.29"]
[White "Callebaut, Katia"]
[Black "Desai, Nilomi"]
[Result "0-1"]
[WhiteElo "1296"]
[BlackElo "1502"]
[PlyCount "70"]
[EventDate "2017.??.??"]

1. e4 c6 2. Nf3 d5 3. exd5 cxd5 4. d4 Nf6 5. Be2 Nc6 6. Bf4 Bf5 7. Ne5 Qb6 8.
Nxc6 bxc6 9. b3 e6 10. O-O c5 11. a4 a6 12. a5 Qc6 13. Be5 Be7 14. Na3 O-O 15.
c4 cxd4 16. Bxd4 Rfd8 17. Nc2 dxc4 18. bxc4 Bxc2 19. Qxc2 Rxd4 20. Bf3 Nd5 21.
Ra4 Rc8 22. Rb1 Rxc4 23. Rxc4 Qxc4 24. Qxc4 Rxc4 25. Rb8+ Bf8 26. Kf1 Ra4 27.
Ke1 Rxa5 28. Kd1 Ra2 29. Ke1 Nf4 30. Bb7 Nd3+ 31. Kd1 Nxf2+ 32. Kc1 Nd3+ 33.
Kb1 Rb2+ 34. Ka1 g6 35. Bxa6 Rxb8 0-1

[Event "Espalion Op"]
[Site "Espalion"]
[Date "2017.07.18"]
[Round "5.30"]
[White "Regis, Pierre"]
[Black "Breton, Vadim"]
[Result "0-1"]
[WhiteElo "1009"]
[BlackElo "1412"]
[PlyCount "44"]
[EventDate "2017.??.??"]

1. Na3 e5 2. d3 d5 3. Bd2 Nc6 4. Be3 Nf6 5. Qd2 d4 6. O-O-O dxe3 7. fxe3 Bxa3
8. Re1 Bb4 9. Kd1 Bxd2 10. Kxd2 O-O 11. Nh3 e4 12. c3 exd3 13. exd3 Qd5 14. b3
Bxh3 15. a3 Bg4 16. g3 Qxh1 17. Re2 Bxe2 18. Kxe2 Qxh2+ 19. Kf3 Rad8 20. d4
Qh5+ 21. Kf4 g5+ 22. Kf5 Rd5+ 0-1

[Event "Espalion Op"]
[Site "Espalion"]
[Date "2017.07.18"]
[Round "5.31"]
[White "Brun, Emilie"]
[Black "Saya, Ethan"]
[Result "0-1"]
[WhiteElo "1130"]
[BlackElo "1775"]
[PlyCount "112"]
[EventDate "2017.??.??"]

1. Nf3 Nf6 2. d4 g6 3. e3 Bg7 4. Be2 O-O 5. O-O d6 6. Nc3 Nbd7 7. Bd2 e5 8.
dxe5 dxe5 9. e4 c6 10. Qc1 Qc7 11. Bh6 Nc5 12. Bd3 Nxd3 13. cxd3 Rd8 14. Rd1
Bg4 15. Qe3 Bxf3 16. gxf3 Bxh6 17. Qxh6 Rd6 18. Qg5 Qe7 19. Qe3 Rad8 20. f4 Ng4
21. Qf3 Qd7 22. h3 Nh6 23. fxe5 Rxd3 24. Rxd3 Qxd3 25. Qxd3 Rxd3 26. Kg2 Kf8
27. Rd1 Rxd1 28. Nxd1 Ke7 29. f4 Ng8 30. f5 Kd7 31. fxg6 hxg6 32. Nf2 Ke6 33.
Ng4 Ne7 34. Nh6 c5 35. Kf2 Nc6 36. Ke2 Nxe5 37. Kd2 b5 38. Kc3 a5 39. a3 c4 40.
b4 axb4+ 41. axb4 f5 42. exf5+ gxf5 43. Kc2 f4 44. Ng4 Nxg4 45. hxg4 f3 46. Kd2
c3+ 47. Kxc3 f2 48. g5 f1=Q 49. g6 Qf6+ 50. Kb3 Qxg6 51. Kc3 Kd5 52. Kb3 Qd3+
53. Ka2 Kc4 54. Ka1 Qd2 55. Kb1 Kb3 56. Ka1 Qb2# 0-1

[Event "Espalion Op"]
[Site "Espalion"]
[Date "2017.07.18"]
[Round "5.32"]
[White "Lemaire, Frederic"]
[Black "Bessiere, Alain"]
[Result "1-0"]
[WhiteElo "1486"]
[BlackElo "1360"]
[PlyCount "43"]
[EventDate "2017.??.??"]

1. e4 Nf6 2. Nc3 c6 3. d4 d6 4. d5 h6 5. Be2 a6 6. Nf3 e6 7. dxe6 Bxe6 8. O-O
Be7 9. Nd4 Bd7 10. Nf5 Bxf5 11. exf5 O-O 12. Bf4 Qc7 13. Qd2 Nbd7 14. Rad1 Ne5
15. h3 Rfd8 16. Qe3 b5 17. Qg3 Kf8 18. b4 g5 19. fxg6 Nxg6 20. Bxh6+ Ke8 21.
Rfe1 Ng8 22. Bg5 1-0

[Event "Espalion Op"]
[Site "?"]
[Date "2017.07.19"]
[Round "6.1"]
[White "Flear, Glenn C"]
[Black "Sulava, Nenad"]
[Result "1-0"]
[WhiteElo "2455"]
[BlackElo "2480"]
[PlyCount "67"]
[EventDate "2017.??.??"]

1. d4 e6 2. c4 b6 3. e4 Bb7 4. Bd3 Bb4+ 5. Kf1 Be7 6. Nc3 d6 7. Nf3 Nd7 8. Qe2
Bf6 9. Bd2 Ne7 10. Re1 a6 11. Qd1 c5 12. d5 O-O 13. a4 Ng6 14. g3 Qe7 15. Kg2
Rae8 16. b3 Kh8 17. Bc2 Nge5 18. h4 Nxf3 19. Qxf3 Bd4 20. g4 f6 21. Qg3 Qf7 22.
f4 b5 23. axb5 Bxc3 24. Bxc3 axb5 25. Rhf1 bxc4 26. bxc4 Nb6 27. Qd3 f5 28.
gxf5 exf5 29. Kh2 fxe4 30. Rxe4 Rxe4 31. Qxe4 Qh5 32. Qe7 Qf7 33. Qxd6 Nxc4 34.
Qh6 1-0

[Event "Espalion Op"]
[Site "Espalion"]
[Date "2017.07.19"]
[Round "6.2"]
[White "Cornette, Matthieu"]
[Black "Menard, Baptiste"]
[Result "1-0"]
[WhiteElo "2606"]
[BlackElo "2167"]
[PlyCount "53"]
[EventDate "2017.??.??"]

1. e4 g6 2. d4 Bg7 3. Nc3 d6 4. f4 e6 5. Nf3 Nc6 6. Be3 a6 7. Bd3 Nf6 8. h3 O-O
9. O-O b6 10. Qd2 Ne7 11. Ne2 Bb7 12. Ng3 d5 13. e5 Ne4 14. Bxe4 dxe4 15. Ng5
Nf5 16. N5xe4 Nxe3 17. Qxe3 Qd5 18. Rf2 Rfd8 19. c3 Rac8 20. b3 Qa5 21. Raf1
Qa3 22. b4 a5 23. bxa5 Qxa5 24. h4 h5 25. Nf6+ Bxf6 26. exf6 Kh7 27. f5 (27. f5
exf5 28. Nxf5) 1-0

[Event "Espalion Op"]
[Site "Espalion"]
[Date "2017.07.19"]
[Round "6.3"]
[White "Libiszewski, Fabien"]
[Black "Daulyte, Deimante"]
[Result "1/2-1/2"]
[WhiteElo "2542"]
[BlackElo "2419"]
[PlyCount "92"]
[EventDate "2017.??.??"]

1. e4 e5 2. Nf3 Nc6 3. Bb5 a6 4. Ba4 Nge7 5. c3 g6 6. d4 exd4 7. cxd4 b5 8. Bc2
d5 9. exd5 Nb4 10. O-O Bg7 11. Bg5 Nxc2 12. Qxc2 O-O 13. Qe4 f6 14. d6 cxd6 15.
Qxa8 fxg5 16. Nxg5 h6 17. Nh3 Qd7 18. Qe4 Bb7 19. Qe2 Nf5 20. Qg4 h5 21. Qxg6
Rf6 22. Qg5 Nxd4 23. Nc3 Qf7 24. Kh1 Rg6 25. Qd8+ Bf8 26. f3 Ne6 27. Qh4 Be7
28. Qxh5 Ng7 29. Qxg6 Qxg6 30. Rad1 Nf5 31. Rfe1 Nh4 32. Re2 Nxf3 33. Re3 Ne5
$2 34. Rg3 Ng4 35. Nf4 Nf2+ 36. Kg1 Qxg3 37. hxg3 Nxd1 38. Nxd1 Bf6 39. Kf2 Kf7
40. Ke3 Be5 41. b3 Kf6 42. Nf2 Kg5 43. N2d3 Bf6 44. Nf2 Be5 45. N2d3 Bf6 46.
Nf2 Be5 1/2-1/2

[Event "Espalion Op"]
[Site "Espalion"]
[Date "2017.07.19"]
[Round "6.4"]
[White "Genzling, Alain"]
[Black "Moingt, Anne"]
[Result "1-0"]
[WhiteElo "2381"]
[BlackElo "2027"]
[PlyCount "97"]
[EventDate "2017.??.??"]

1. d4 Nf6 2. Bg5 e6 3. e4 h6 4. Bxf6 Qxf6 5. c3 d6 6. Nd2 g5 7. Bd3 Bg7 8. Ne2
Qe7 9. O-O Nc6 10. f4 Bd7 11. b4 Rg8 12. Kh1 gxf4 13. Nxf4 Qg5 14. Rf3 O-O-O
15. Nh3 Qh5 16. Qg1 Kb8 17. Nf1 Rdf8 18. b5 Nd8 19. Ne3 Bxb5 20. Qf1 Bxd3 21.
Qxd3 Bh8 22. Raf1 Qa5 23. R1f2 Rg6 24. g4 c5 25. Nf4 Rgg8 26. h3 cxd4 27. cxd4
Nc6 28. Nc4 Qd8 29. d5 Ne5 30. Nxe5 dxe5 31. Ng2 exd5 32. exd5 Qd7 33. Qe4 Rd8
34. Ne3 Rgf8 35. Rf5 Rc8 36. Kg2 Rc7 37. Rh5 Bg7 38. Rd2 Rfc8 39. Rf5 Rc3 40.
Rdf2 f6 41. R5f3 h5 42. gxh5 Bh6 43. Ng4 R3c4 44. Qf5 Qxd5 45. Nxh6 Rf4 46. Qd3
Qc6 47. Qe3 Rh8 48. Ng4 Rxh5 49. Kg3 1-0

[Event "Espalion Op"]
[Site "Espalion"]
[Date "2017.07.19"]
[Round "6.5"]
[White "Cappon, John"]
[Black "Larcheveque, Francois"]
[Result "1-0"]
[WhiteElo "2197"]
[BlackElo "2023"]
[PlyCount "69"]
[EventDate "2017.??.??"]

1. e4 e6 2. d4 d5 3. Nc3 Bb4 4. e5 c5 5. Bd2 Ne7 6. Nb5 Bxd2+ 7. Qxd2 O-O 8. f4
Bd7 9. Nd6 cxd4 10. Nf3 Nbc6 11. Bd3 Qb6 12. O-O-O f6 13. Qe2 Nb4 14. Kb1 Nec6
15. a3 Nxd3 16. Rxd3 Qa6 17. Re1 Rab8 18. Nxd4 fxe5 19. Nxc6 bxc6 20. Qxe5 Qa5
21. h4 Qd8 22. g3 Qf6 23. Kc1 Rb6 24. Nc4 Rb7 25. Nd2 Rfb8 26. Nb3 Qf8 27. Rc3
Rb5 28. Qd4 a5 29. Nc5 Bc8 30. b3 Qd6 31. Kd2 Bd7 32. Qe5 Qxe5 33. Rxe5 Rd8 34.
Nxd7 Rxd7 35. Rxc6 1-0

[Event "Espalion Op"]
[Site "Espalion"]
[Date "2017.07.19"]
[Round "6.6"]
[White "Verot, Melanie"]
[Black "Moingt, Jean-Claude"]
[Result "1-0"]
[WhiteElo "2024"]
[BlackElo "2155"]
[PlyCount "73"]
[EventDate "2017.??.??"]

1. e4 c5 2. Nf3 Nc6 3. c4 g6 4. d4 cxd4 5. Nxd4 Nf6 6. Nc3 Nxd4 7. Qxd4 d6 8.
c5 Bg7 9. Bb5+ Bd7 10. Bxd7+ Qxd7 11. cxd6 O-O 12. O-O Ne8 13. Qd5 e6 14. Qd3
Qxd6 15. Qxd6 Nxd6 16. Bf4 Nc4 17. Nb5 Nxb2 18. Rab1 Nd3 19. Be3 b6 20. Rfd1
Rfd8 21. Nxa7 Nc5 22. Rxd8+ Rxd8 23. Nc6 Rd6 24. Ne7+ Kf8 25. Nc8 Rd8 26. Nxb6
Nxe4 27. a4 Nc3 28. Re1 Rd3 29. Kf1 Ke8 30. a5 Nb5 31. Rc1 Be5 32. a6 Bxh2 33.
Ke2 Ra3 34. Rc8+ Ke7 35. Bc5+ Bd6 36. Bxa3 Bxa3 37. a7 1-0

[Event "Espalion Op"]
[Site "Espalion"]
[Date "2017.07.19"]
[Round "6.7"]
[White "Flear, Christine"]
[Black "Lagunes, Jean-Renaud"]
[Result "1/2-1/2"]
[WhiteElo "2078"]
[BlackElo "1951"]
[PlyCount "64"]
[EventDate "2017.??.??"]

1. d4 Nf6 2. c4 g6 3. Nc3 Bg7 4. e4 d6 5. Be2 O-O 6. Bg5 Nc6 7. d5 Nb8 8. h3
Na6 9. Nf3 Nc5 10. Qc2 a5 11. O-O Nh5 12. g4 Bxc3 13. bxc3 Ng7 14. Nd4 f6 15.
Be3 e5 16. dxe6 Ngxe6 17. f4 Qe7 18. Bf3 c6 19. Rad1 a4 20. Rfe1 Ra5 21. Bg2
Ng7 22. f5 g5 23. Bf2 Qf7 24. Bg3 Ne8 25. Bf1 Qc7 26. Qh2 Rf7 27. Nc2 Re7 28.
Bxd6 Nxd6 29. Qxd6 Qxd6 30. Rxd6 Bd7 31. Bg2 Kf7 32. Nb4 a3 1/2-1/2

[Event "Espalion Op"]
[Site "Espalion"]
[Date "2017.07.19"]
[Round "6.8"]
[White "Pascot, Jean"]
[Black "Muratet Casadevall, Albert"]
[Result "0-1"]
[WhiteElo "1856"]
[BlackElo "2201"]
[PlyCount "65"]
[EventDate "2017.??.??"]

1. e4 Nf6 2. Nc3 d5 3. exd5 Nxd5 4. Nf3 Bf5 5. Bc4 e6 6. O-O Be7 7. d3 O-O 8.
Qe2 Nb6 9. Bb3 Nc6 10. Ne4 Na5 11. Rd1 Nxb3 12. axb3 Nd5 13. h3 h6 14. c3 a5
15. d4 c6 16. Ne5 Qc7 17. c4 Nf6 18. Nxf6+ Bxf6 19. Bf4 Qe7 20. Qh5 Bxe5 21.
dxe5 Qb4 22. Rd7 Qxb3 23. Ra3 Qxb2 24. Rg3 Bg6 25. Qh4 Kh7 26. Kh2 Qb1 27. Be3
b6 28. Rd4 Rg8 29. Rf3 a4 30. Rdf4 Ra7 31. Rg3 a3 32. Rg5 a2 33. Rh5 0-1

[Event "Espalion Op"]
[Site "Espalion"]
[Date "2017.07.19"]
[Round "6.9"]
[White "Montsma, Foppe-Jan"]
[Black "Gerard, Nicolas"]
[Result "0-1"]
[WhiteElo "1834"]
[BlackElo "2189"]
[PlyCount "66"]
[EventDate "2017.??.??"]

1. e4 c5 2. f4 d5 3. Nc3 d4 4. Nce2 Nc6 5. d3 e5 6. Nf3 Bd6 7. g3 f5 8. exf5
Bxf5 9. Bg2 Qd7 10. fxe5 Nxe5 11. Nxe5 Bxe5 12. O-O Ne7 13. Nf4 O-O 14. Qf3
Rab8 15. Nd5 Nc6 16. Qh5 Bg4 17. Ne7+ Qxe7 18. Qxg4 Rxf1+ 19. Bxf1 Nb4 20. Qe2
Re8 21. Bg2 Bf6 22. Be4 c4 23. a3 cxd3 24. cxd3 Nxd3 25. Bd5+ Kh8 26. Qxd3 Qe1+
27. Qf1 d3 28. Bf4 d2 29. Rd1 Bd4+ 30. Kg2 Re2+ 31. Kh3 Qxf1+ 32. Rxf1 Re1 33.
Bxd2 Rxf1 0-1

[Event "Espalion Op"]
[Site "Espalion"]
[Date "2017.07.19"]
[Round "6.10"]
[White "Rihouey, Franck"]
[Black "Estadieu, Romeo"]
[Result "0-1"]
[WhiteElo "1827"]
[BlackElo "2049"]
[PlyCount "118"]
[EventDate "2017.??.??"]

1. d4 e6 2. Nf3 f5 3. d5 Be7 4. Nd4 Nf6 5. Nc3 O-O 6. dxe6 dxe6 7. Bf4 Bd6 8.
Bxd6 cxd6 9. e3 Nc6 10. Bb5 Qc7 11. O-O a6 12. Nxc6 bxc6 13. Be2 Kh8 14. Qd4 c5
15. Qd2 Bb7 16. a4 Rad8 17. f4 Rg8 18. h4 Qe7 19. Bf3 h6 20. Bxb7 Qxb7 21. Rf3
d5 22. b3 Ne4 23. Qe1 Qb4 24. Nxe4 Qxe1+ 25. Rxe1 dxe4 26. Rf2 g5 27. hxg5 hxg5
28. Ree2 gxf4 29. Rxf4 Kg7 30. Rff2 Rd1+ 31. Rf1 Rgd8 32. Rxd1 Rxd1+ 33. Kf2
Rc1 34. Rd2 Kf6 35. Kg3 Ke5 36. Re2 Rb1 37. Rd2 Rb2 38. Kf2 a5 39. g3 c4 40.
bxc4 Ra2 41. g4 fxg4 42. Kg3 Rxa4 43. Rd4 Ra3 44. Kxg4 Rxe3 45. Rd8 a4 46. Ra8
a3 47. Ra5+ Kd4 48. c5 Rc3 49. c6 Rxc6 50. Rxa3 Rxc2 51. Kf4 e5+ 52. Kf5 Rf2+
53. Ke6 e3 54. Ra4+ Kd3 55. Kxe5 e2 56. Rd4+ Ke3 57. Re4+ Kf3 58. Kd4 Rf1 59.
Re3+ Kf2 0-1

[Event "Espalion Op"]
[Site "Espalion"]
[Date "2017.07.19"]
[Round "6.11"]
[White "Israel, Gregory"]
[Black "Carno, Matthias"]
[Result "1-0"]
[WhiteElo "2043"]
[BlackElo "1782"]
[PlyCount "51"]
[EventDate "2017.??.??"]

1. d4 d5 2. Bf4 Nc6 3. Qd3 Bg4 4. c3 e6 5. Qg3 Bf5 6. Bxc7 Qd7 7. Nd2 Nf6 8.
Be5 Nxe5 9. dxe5 Ne4 10. Nxe4 Bxe4 11. Qe3 Qb5 12. Qd2 Be7 13. e3 Qb6 14. Ne2
O-O 15. Ng3 Bg6 16. Be2 Rac8 17. O-O Qc7 18. f4 Bc5 19. Bh5 Be4 20. Ne2 a6 21.
Nd4 b5 22. a3 Ba7 23. Be2 Qb6 24. a4 bxa4 25. Rxa4 a5 26. Rfa1 1-0

[Event "Espalion Op"]
[Site "Espalion"]
[Date "2017.07.19"]
[Round "6.12"]
[White "Flaujac, Benoit"]
[Black "Lagunes, Robin"]
[Result "1-0"]
[WhiteElo "1809"]
[BlackElo "1893"]
[PlyCount "47"]
[EventDate "2017.??.??"]

1. e4 d6 2. d4 Nf6 3. Nc3 g6 4. Bg5 c6 5. Qd2 Qc7 6. f4 h6 7. Bh4 Bg7 8. Nf3 b5
9. e5 b4 10. Nb5 cxb5 11. exf6 Bxf6 12. Bxf6 exf6 13. Bxb5+ Bd7 14. Qxb4 O-O
15. Bd3 Re8+ 16. Kf2 Nc6 17. Qd2 Rab8 18. c3 Qb6 19. b3 g5 20. fxg5 fxg5 21. h4
g4 22. Qxh6 Re6 23. Bh7+ Kh8 24. Bg6+ 1-0

[Event "Espalion Op"]
[Site "Espalion"]
[Date "2017.07.19"]
[Round "6.13"]
[White "Pass, Deborah J"]
[Black "Canivet, Arnaud"]
[Result "0-1"]
[WhiteElo "1920"]
[BlackElo "1760"]
[PlyCount "134"]
[EventDate "2017.??.??"]

1. e4 d6 2. d4 g6 3. Nf3 Bg7 4. Bc4 c6 5. O-O Nf6 6. Nc3 O-O 7. h3 b5 8. Bd3 a6
9. Be3 Nbd7 10. Qd2 e5 11. dxe5 dxe5 12. Rad1 Qe7 13. Bh6 Nc5 14. Bxg7 Kxg7 15.
Qg5 Re8 16. Rfe1 h6 17. Qe3 Nh5 18. Bf1 f6 19. b4 Nb7 20. Qb6 Qxb4 21. Qxc6 Re6
22. Qc7+ Re7 23. Nd5 Rxc7 24. Nxb4 Be6 25. Nd5 Rxc2 26. Nb6 Rd8 27. Rc1 Rxc1
28. Rxc1 Nd6 29. Rc7+ Kg8 30. Nd5 Nxe4 31. Ne7+ Kf7 32. Nc6+ Rd7 33. Nfxe5+
fxe5 34. Nxe5+ Ke7 35. Nxd7 Bxd7 36. Bd3 Nhf6 37. f3 Nd5 38. Rxd7+ Kxd7 39.
Bxe4 Nc3 40. Bb7 a5 41. a3 b4 42. axb4 axb4 43. Ba6 b3 44. Bd3 g5 45. Kf2 b2
46. f4 gxf4 47. Kf3 Ke6 48. Kxf4 Kf6 49. g4 b1=Q 50. Bxb1 Nxb1 51. h4 Kg6 52.
g5 h5 53. Ke5 Nd2 54. Kf4 Nc4 55. Kg3 Ne3 56. Kh2 Nf5 57. Kh3 Kg7 58. Kh2 Nxh4
59. Kh3 Nf5 60. Kh2 Kg6 61. Kh1 Kxg5 62. Kh2 Kg4 63. Kh1 Kg3 64. Kg1 h4 65. Kh1
Kh3 66. Kg1 Ne3 67. Kh1 Ng4 0-1